|
|
|
|
| LEADER |
01061cam a2200229 7i4500 |
| 001 |
0000006751 |
| 005 |
20191017090000.0 |
| 020 |
|
|
|a 0831126353 (hbk.)
|
| 020 |
|
|
|a 9780831126353
|
| 090 |
0 |
0 |
|a TJ151
|b .M43 2000
|
| 245 |
0 |
0 |
|a Machinery's handbook :
|b a reference book for the mechanical engineer, designer, manufacturing engineer, draftsman, toolmaker, and machinist
|c by Erik Oberg ... [et al.] ; Christopher J. McCauley, editor, Riccardo Heald, associate editor, Muhammed IqbalHussain, associate editor.
|
| 250 |
|
|
|a 26th ed.
|
| 260 |
|
|
|a New York:
|b Industrial Press,
|c 2000.
|
| 300 |
|
|
|a 2630 p.:
|b ill.;
|c 26 cm..
|
| 500 |
|
|
|a Includes index
|
| 500 |
|
|
|a Cover title: Machinery's handbook 26
|
| 501 |
|
|
|a With CD-ROM : Machinery's handbook
|
| 650 |
0 |
0 |
|a Mechanical engineering --
|x Handbooks, manuals, etc.
|
| 700 |
1 |
|
|a Oberg, Erik
|
| 997 |
|
|
|a Engineering & Life Sciences, Faculty
|b Engineering, Department
|
| 999 |
|
|
|a 0000006099
|b BOK
|c REFERENCE
|e Ground Floor, Bestari Jaya
|
| 999 |
|
|
|a CDR0001251
|b CD-ROM
|c REFERENCE
|e Circulation Counter, Bestari Jaya
|